Score 0/16 Timer 08:00
0 Plays Today
Product Country % Correct
Crayola Crayons???
79.3%
Apple iPhones???
74.7%
Steinway Pianos???
72.4%
Sharpie Markers???
70.1%
Gibson Guitars???
70.1%
Nike Shirts???
69%
Dell Computers???
67.8%
Etch-a-Sketch???
66.7%
Product Country % Correct
Polo Shirts???
62.1%
Barbie Dolls???
60.9%
American Apparel???
59.8%
GAP Shirts???
58.6%
Hasbro Toys???
58.6%
NFL Footballs???
57.5%
US Olympic Team Uniforms (2012)???
57.5%
Converse Shoes???
48.3%
Remove Ads.
Support Sporcle.
Get the best of Sporcle when you Go Orange. This ad-free experience offers more features, more stats, and more fun while also helping to support Sporcle. Thank you for becoming a member.

You're not logged in!

Compare scores with friends on all Sporcle quizzes.
OR
Log In

Show Comments

Extras

Top Quizzes Today


Score Distribution

Your Account Isn't Verified!

In order to create a playlist on Sporcle, you need to verify the email address you used during registration. Go to your Sporcle Settings to finish the process.

Report this User

Report this user for behavior that violates our Community Guidelines.

Details: